| 000 | 00827cam a22002537i 4500 | ||
|---|---|---|---|
| 999 |
_c2559 _d2559 |
||
| 001 | 19826 | ||
| 003 | BD-DhUAP | ||
| 005 | 20200226094402.0 | ||
| 008 | 200226s2014 it a 000 0deng d | ||
| 020 |
_a9788857225432 _qhardcover |
||
| 020 |
_a8857225437 _qhardcover |
||
| 040 |
_aYDXCP _beng _cYDXCP _erda _dNYP _dTXI _dBD-DhUAP |
||
| 082 | 0 | 4 |
_a720.924 KUZ _223 |
| 082 | 0 | 4 | _a720.284 |
| 100 | 1 | _aKuznet︠s︡ov, Sergey. | |
| 245 | 1 | 0 |
_aSergey Kuznetsov : _barchitecture drawings / _cSergey Kuznetsov ; edited by Luca Molinari. |
| 246 | 3 | 0 | _aSergey Kuznetsov, architecture drawings |
| 264 | 1 |
_aMilano : _bSkira Editore, _cc2014. |
|
| 300 |
_a215 pages : _billustrations ; _c29 cm |
||
| 600 | 1 | 0 |
_aKuznet︠s︡ov, Sergey, _d1977- |
| 650 | 0 |
_aArchitectural drawing _y21st century |
|
| 700 | 1 | _aMolinari, Luca. | |
| 942 |
_2ddc _cBK |
||